Online
Catalog

Ley No. 1896 sobre seguros sociales con sus enmiendas y disposiciones afines. (Record no. 5637)

MARC details
000 -CABECERA
campo de control de longitud fija 00806nam a2200241 a 4500
001 - NÚMERO DE CONTROL
campo de control 000005841
003 - IDENTIFICADOR DEL NÚMERO DE CONTROL
campo de control DO-SdBNP
005 - FECHA Y HORA DE LA ÚLTIMA TRANSACCIÓN
campo de control 20211101150143.0
007 - CAMPO FIJO DE DESCRIPCIÓN FÍSICA--INFORMACIÓN GENERAL
campo de control de longitud fija ta
008 - DATOS DE LONGITUD FIJA--INFORMACIÓN GENERAL
campo de control de longitud fija 090824s1971 dr 000 0 spa d
040 ## - FUENTE DE LA CATALOGACIÓN
Centro catalogador/agencia de origen DO-SdBNP
Lengua de catalogación spa
Centro/agencia transcriptor BNPHU
082 #4 - NÚMERO DE LA CLASIFICACIÓN DECIMAL DEWEY
Número de edición 22
Número de clasificación 344.729302
Número de documento/Ítem R426L, 1971
110 1# - ENTRADA PRINCIPAL--NOMBRE DE ENTIDAD CORPORATIVA
Nombre de entidad corporativa o nombre de jurisdicción como elemento de entrada República Dominicana.
9 (RLIN) 447
240 10 - TÍTULO UNIFORME
Título uniforme [Leyes, etc.]
245 10 - MENCIÓN DE TÍTULO
Título Ley No. 1896 sobre seguros sociales con sus enmiendas y disposiciones afines.
260 ## - PUBLICACIÓN, DISTRIBUCIÓN, ETC.
Lugar de publicación, distribución, etc. Santo Domingo :
Nombre del editor, distribuidor, etc. IDSS,
Fecha de publicación, distribución, etc. 1971.
300 ## - DESCRIPCIÓN FÍSICA
Extensión 101 p. ;
Dimensiones 24 cm.
590 ## - NOTA LOCAL (RLIN)
Nota local Inventariado,2018/DG BT/2021
650 14 - PUNTO DE ACCESO ADICIONAL DE MATERIA--TÉRMINO DE MATERIA
Término de materia o nombre geográfico como elemento de entrada Seguridad social
Subdivisión general Legislación
Subdivisión geográfica República Dominicana
9 (RLIN) 14351
710 12 - PUNTO DE ACCESO ADICIONAL--NOMBRE DE ENTIDAD CORPORATIVA
Nombre de entidad corporativa o nombre de jurisdicción como elemento de entrada Instituto Dominicano de Seguos Sociales (República Dominicana
9 (RLIN) 16498
910 ## - DATOS DE OPCIÓN DEL USUARIO (OCLC)
Datos de opción del usuario Validado. Control de calidad MFF
942 ## - ELEMENTOS DE PUNTO DE ACCESO ADICIONAL (KOHA)
Fuente del sistema de clasificación o colocación Dewey Decimal Classification
Tipo de ítem Koha Libro
Holdings
Estado de retiro Estado de pérdida Fuente del sistema de clasificación o colocación Restricciones de uso No para préstamo Código de colección Localización permanente Ubicación/localización actual Ubicación en estantería Fecha de adquisición Total de préstamos Signatura topográfica completa Código de barras Fecha visto por última vez Número de copia Precio válido a partir de Tipo de ítem Koha Fuente de adquisición
    Dewey Decimal Classification Préstamo en sala   Dominicana de Servicio Biblioteca Nacional Pedro Henríquez Ureña Dominicana Depósito 24.08.2009   BNPHU DS 344.729302 R426L, 1971 5841-30 25.06.2020 e.3 25.06.2020 Libro y Folleto Colección Dominicana de Servicio  
    Dewey Decimal Classification Préstamo en sala   Dominicana de Servicio Biblioteca Nacional Pedro Henríquez Ureña Dominicana Extraviado 07.08.2019   BNPHU DS 344.729302 R426L 1971 5841-40 25.06.2020 e.4 25.06.2020 Libro y Folleto Colección Dominicana de Servicio  
    Dewey Decimal Classification Préstamo en sala   Dominicana de Servicio Biblioteca Nacional Pedro Henríquez Ureña Dominicana Extraviado 08.08.2019   BNPHU DS 344.729302 R426L, 1971 5841-50 25.06.2020 e.5 25.06.2020 Libro y Folleto Colección Dominicana de Servicio  
    Dewey Decimal Classification Excluido de préstamo   Patrimonio Dominicano Biblioteca Nacional Pedro Henríquez Ureña Patrimonio Dominicano Depósito 24.08.2009   BNPHU PD 344.729302 R426L 1971 5841-10 25.06.2020   25.06.2020 Libro y Folleto Colección Patrimonio Dominicano Donado /Familia Reyes Duluc
    Dewey Decimal Classification Excluido de préstamo   Patrimonio Dominicano Biblioteca Nacional Pedro Henríquez Ureña Patrimonio Dominicano Depósito 24.08.2009   BNPHU PD 344.729302 R426L 1971 5841-20 25.06.2020 e.2 25.06.2020 Libro y Folleto Colección Patrimonio Dominicano Donado / Familia Reyes Duluc

Powered by Koha